<?xml version="1.0" encoding="UTF-8"?>
<record
    xmlns:xsi="http://www.w3.org/2001/XMLSchema-instance"
    xsi:schemaLocation="http://www.loc.gov/MARC21/slim http://www.loc.gov/standards/marcxml/schema/MARC21slim.xsd"
    xmlns="http://www.loc.gov/MARC21/slim">

  <leader>01203nam a2200265 i 4500</leader>
  <controlfield tag="001">50537</controlfield>
  <controlfield tag="003">ES-MaACL</controlfield>
  <controlfield tag="005">20251009190740.0</controlfield>
  <controlfield tag="007">t|</controlfield>
  <controlfield tag="008">030805m19601966sp           ||||1| spa d</controlfield>
  <datafield tag="080" ind1=" " ind2=" ">
    <subfield code="a">016:929.52(460)(093)</subfield>
  </datafield>
  <datafield tag="080" ind1=" " ind2=" ">
    <subfield code="a">017.1(460.27 M.)</subfield>
  </datafield>
  <datafield tag="100" ind1="1" ind2=" ">
    <subfield code="a">Cuartero y Huerta, Baltasar.</subfield>
    <subfield code="9">41919</subfield>
  </datafield>
  <datafield tag="245" ind1="1" ind2="0">
    <subfield code="a">&#xCD;ndice de la colecci&#xF3;n de Luis de Salazar y Castro / </subfield>
    <subfield code="c">formado por Baltasar Cuartero y Huerta y Antonio de Vargas-Z&#xFA;&#xF1;iga y Montero de Espinosa, Marqu&#xE9;s de Siete Iglesias.</subfield>
  </datafield>
  <datafield tag="260" ind1=" " ind2=" ">
    <subfield code="a">Madrid : </subfield>
    <subfield code="b">Academia de la Historia, </subfield>
    <subfield code="c">1960-66.</subfield>
  </datafield>
  <datafield tag="300" ind1=" " ind2=" ">
    <subfield code="a">5 v. ; </subfield>
    <subfield code="c">25 cm.</subfield>
  </datafield>
  <datafield tag="505" ind1="8" ind2=" ">
    <subfield code="a">Contiene: Tomos XXVI, XXVII, XXVIII, XXIX, XXXVI</subfield>
  </datafield>
  <datafield tag="530" ind1=" " ind2=" ">
    <subfield code="a">Disponible en CD-ROM:  &#xCD;ndice de la colecci&#xF3;n de D. Luis de Salazar y Castro : Madrid, 1949-1979 (49 v.)</subfield>
  </datafield>
  <datafield tag="600" ind1="1" ind2="4">
    <subfield code="a">Salazar y Castro, Luis de, </subfield>
    <subfield code="d">1658-1734- </subfield>
    <subfield code="x">Archivo- </subfield>
    <subfield code="v">Cat&#xE1;logos</subfield>
    <subfield code="9">101832</subfield>
  </datafield>
  <datafield tag="610" ind1="2" ind2="4">
    <subfield code="a">Real Academia de la Historia (Espa&#xF1;a). </subfield>
    <subfield code="b">Biblioteca-</subfield>
    <subfield code="v">Cat&#xE1;logos.</subfield>
    <subfield code="9">6313</subfield>
  </datafield>
  <datafield tag="700" ind1="0" ind2=" ">
    <subfield code="a">Vargas-Z&#xFA;&#xF1;iga y Montero de Espinosa, Antonio de,  </subfield>
    <subfield code="c">Marqu&#xE9;s de Siete Iglesias</subfield>
    <subfield code="9">113220</subfield>
  </datafield>
  <datafield tag="710" ind1="2" ind2=" ">
    <subfield code="a">Real Academia de la Historia (Espa&#xF1;a)</subfield>
    <subfield code="9">6309</subfield>
  </datafield>
  <datafield tag="852" ind1="4" ind2=" ">
    <subfield code="a">ES-MaACL</subfield>
    <subfield code="j">P-1189</subfield>
  </datafield>
  <datafield tag="999" ind1=" " ind2=" ">
    <subfield code="c">50537</subfield>
    <subfield code="d">50537</subfield>
  </datafield>
  <datafield tag="952" ind1=" " ind2=" ">
    <subfield code="0">0</subfield>
    <subfield code="1">0</subfield>
    <subfield code="4">0</subfield>
    <subfield code="7">0</subfield>
    <subfield code="a">ATENEOM</subfield>
    <subfield code="b">ATENEOM</subfield>
    <subfield code="c">DEPO2</subfield>
    <subfield code="d">2008-01-17</subfield>
    <subfield code="e">SC</subfield>
    <subfield code="l">0</subfield>
    <subfield code="o">P-1189</subfield>
    <subfield code="p">1053159</subfield>
    <subfield code="r">2023-02-23 00:00:00</subfield>
    <subfield code="w">2023-02-23</subfield>
    <subfield code="y">MONOGRAFIA</subfield>
  </datafield>
</record>
